00374nam a2200157Ia 4500008004000000041000800040082001300048100001600061245004400077260004200121650001100163650000800174650001300182650001500195650000600210210210b1999 xxu||||| |||| 00| 0 eng d aeng a510 BOST aBOSCO (S S) aTheory and problems in mathmatics I puc aMangalorebBoscoss Publicationsc1999 aTheory apuc aproblems amathmatics aI